000 00282nam a22001337a 4500
008 170201b xxu||||| |||| 00| 0 eng d
020 _a9781111125219
041 _aeng
080 _a61
100 _a3
101 _aSHMI
245 _aUSING E-MEDSYS
_cBRASIN, G.A
942 _2udc
_cBK
999 _c4225
_d4225